Pour le drapeau : (Record no. 11221)

MARC details
000 -LEADER
campo de control de longitud fija 01154cam a2200373 a 4500
001 - NÚMERO DE CONTROL
campo de control 47407
005 - FECHA Y HORA DE LA ÚLTIMA TRANSACCIÓN
campo de control 20230410101628.0
008 - DATOS DE LONGITUD FIJA--INFORMACIÓN GENERAL
campo de control de longitud fija 840531s1982 quca b 000 0 fre
035 ## - NÚMERO DE CONTROL DEL SISTEMA
Número de control de sistema (OCoLC)ocm15958147
040 ## - FUENTE DE CATALOGACIÓN
Centro catalogador/agencia de origen NLC
Lengua de catalogación fre
Centro/agencia transcriptor NLC
016 ## - NÚMERO DE CONTROL DE UNA AGENCIA BIBLIOGRÁFICA NACIONAL
Número de control del registro 840078994
020 ## - NÚMERO INTERNACIONAL ESTÁNDAR DEL LIBRO
Número Internacional Estándar del Libro 298000331X
020 ## - NÚMERO INTERNACIONAL ESTÁNDAR DEL LIBRO
Número Internacional Estándar del Libro 9782980003318
029 0# - OTRO NÚMERO DE CONTROL DE SISTEMA (OCLC)
Identificador de la biblioteca OCLC NLC
Número de control de sistema 840078994
035 ## - NÚMERO DE CONTROL DEL SISTEMA
Número de control de sistema (OCoLC)15958147
043 ## - CÓDIGO DE ÁREA GEOGRÁFICA
Código de área geográfica nwht---
045 ## - PERIODO DE TIEMPO DEL CONTENIDO
Código de periodo de tiempo w0w0
050 14 - SIGNATURA TOPOGRÁFICA DE LA BIBLIOTECA DEL CONGRESO
Número de clasificación 110 CR 115
Número de ítem A923p 1982
082 00 - NÚMERO DE LA CLASIFICACIÓN DECIMAL DEWEY
Número de clasificación 929.9/2/097294
100 1# - ENTRADA PRINCIPAL--NOMBRE DE PERSONA
Nombre de persona Auguste, Claude Bonaparte,
Fechas asociadas al nombre 1935-
245 10 - MENCIÓN DEL TÍTULO
Título Pour le drapeau :
Resto del título contribution á la recherche sur les couleurs haitiennes /
Mención de responsabilidad, etc. Claude B. Auguste, Marcel B. Auguste.
260 ## - PUBLICACIÓN, DISTRIBUCIÓN, ETC.
Lugar de publicación, distribución, etc. [Québec] :
Nombre del editor, distribuidor, etc. C.B. Auguste,
Fecha de publicación, distribución, etc. 1982.
300 ## - DESCRIPCIÓN FÍSICA
Extensión 100 p. :
Otras características físicas ill. ;
Dimensiones 23 cm.
504 ## - NOTA DE BIBLIOGRAFÍA, ETC.
Nota de bibliografía, etc. Bibliographie: p. 85.
650 #0 - PUNTO DE ACCESO ADICIONAL DE MATERIA--TÉRMINO DE MATERIA
Término de materia o nombre geográfico como elemento de entrada Flags
Subdivisión geográfica Haiti
Subdivisión general History.
650 #6 - PUNTO DE ACCESO ADICIONAL DE MATERIA--TÉRMINO DE MATERIA
Término de materia o nombre geográfico como elemento de entrada Drapeaux
Subdivisión geográfica Haíti
Subdivisión general Histoire.
650 #4 - PUNTO DE ACCESO ADICIONAL DE MATERIA--TÉRMINO DE MATERIA
Término de materia o nombre geográfico como elemento de entrada CEH
650 #4 - PUNTO DE ACCESO ADICIONAL DE MATERIA--TÉRMINO DE MATERIA
Término de materia o nombre geográfico como elemento de entrada Colección Estudios Haitianos
651 #6 - PUNTO DE ACCESO ADICIONAL DE MATERIA--NOMBRE GEOGRÁFICO
Nombre geográfico Haiti
Subdivisión general Histoire
Subdivisión cronológica 1791-1804 (Révolution)
651 #0 - PUNTO DE ACCESO ADICIONAL DE MATERIA--NOMBRE GEOGRÁFICO
Nombre geográfico Haiti
Subdivisión general History
Subdivisión cronológica Revolution, 1791-1804.
700 1# - ENTRADA AGREGADA--NOMBRE PERSONAL
Nombre de persona Auguste, Marcel Bonaparte,
Fechas asociadas al nombre 1931-
942 ## - ELEMENTOS DE ENTRADA SECUNDARIOS (KOHA)
Fuente del sistema de clasificación o colocación Clasificación de Library of Congress
Tipo de ítem Koha
994 ## -
-- C0
-- DRFGD
Holdings
Estatus retirado Estado de pérdida Fuente del sistema de clasificación o colocación Estado de daño No para préstamo Colección Biblioteca de origen Biblioteca actual Ubicación en estantería Fecha de adquisición Serial enumeration / chronology Signatura topográfica completa Código de barras Visto por última vez Copia número Tipo de ítem Koha
    Clasificación de Library of Congress     Recursos Regionales Biblioteca Juan Bosch Biblioteca Juan Bosch Recursos Regionales (2do. Piso) 10/04/2023 1 110 CR 115 A923p 1982 00000046257 23/10/2018 1